Obras maestras de la Colección Lázaro Galdiano (Record no. 66497)

MARC details
000 -LEADER
campo de control de longitud fija 01270nam a2200301 i 4500
001 - NÚMERO DE CONTROL
campo de control 66497
003 - IDENTIFICADOR DE NÚMERO DE CONTROL
campo de control ES-MaACL
005 - FECHA Y HORA DE LA ÚLTIMA TRANSACCIÓN
campo de control 20250903231123.0
008 - DATOS DE LONGITUD FIJA--INFORMACIÓN GENERAL
campo de control de longitud fija 030214s2002 sp a |||| | spa d
020 ## - NÚMERO INTERNACIONAL ESTÁNDAR DEL LIBRO
Número Internacional Estándar del Libro 84-89913-40-4
080 ## - NÚMERO DE LA CLASIFICACIÓN DECIMAL UNIVERSAL
Número de la Clasificación Decimal Universal 7(083.824)
110 2# - ENTRADA PRINCIPAL--NOMBRE DE ENTIDAD CORPORATIVA
Nombre de entidad corporativa o nombre de jurisdicción como elemento de entrada Fundación Lázaro Galdiano.
9 (RLIN) 4357
245 10 - MENCIÓN DEL TÍTULO
Título Obras maestras de la Colección Lázaro Galdiano
Resto del título : Sala de Exposiciones de la Fundación Santander Central Hispano, 16 diciembre 2002-9 febrero 2003 /
Mención de responsabilidad, etc. [textos, Letizia Arbeteta Mira ... et al. ; fotografías, Tomás Antelo, Pablo Linés Viñuales].
260 ## - PUBLICACIÓN, DISTRIBUCIÓN, ETC.
Lugar de publicación, distribución, etc. [Madrid] :
Nombre del editor, distribuidor, etc. Fundación Santander Central Hispano :
-- Fundación Lázaro Galdiano,
Fecha de publicación, distribución, etc. [2002]
300 ## - DESCRIPCIÓN FÍSICA
Extensión 319 p. :
Otras características físicas il. col. y n. ;
Dimensiones 30 cm.
504 ## - NOTA DE BIBLIOGRAFÍA, ETC.
Nota de bibliografía, etc. Bibliografía: p. 306-317.
600 14 - PUNTO DE ACCESO ADICIONAL DE MATERIA--NOMBRE DE PERSONA
Nombre de persona Lázaro Galdiano, José,
Fechas asociadas al nombre 1862-1947
9 (RLIN) 70802
610 24 - PUNTO DE ACCESO ADICIONAL DE MATERIA--NOMBRE DE ENTIDAD CORPORATIVA
Nombre de entidad corporativa o nombre de jurisdicción como elemento de entrada Fundación Lázaro Galdiano-
Subdivisión de forma Catálogos.
9 (RLIN) 4358
650 #4 - PUNTO DE ACCESO ADICIONAL DE MATERIA--TÉRMINO DE MATERIA
Término de materia o nombre geográfico como elemento de entrada Arte-
Subdivisión de forma Exposiciones.
9 (RLIN) 156054
655 #7 - TERMINO DE INDIZACIÓN--GENERO/FORMA
Fuente del término tgfbne
9 (RLIN) 193628
Datos o término principal de género/forma Catálogos de exposiciones
700 1# - ENTRADA AGREGADA--NOMBRE PERSONAL
Nombre de persona Arbeteta Mira, Letizia,
Fechas asociadas al nombre 1951-
9 (RLIN) 170838
700 1# - ENTRADA AGREGADA--NOMBRE PERSONAL
Nombre de persona Antelo, Tomás.
9 (RLIN) 21869
700 1# - ENTRADA AGREGADA--NOMBRE PERSONAL
Nombre de persona Linés, Pablo
9 (RLIN) 149532
710 2# - ENTRADA AGREGADA--NOMBRE DE ENTIDAD CORPORATIVA
Nombre de entidad corporativa o nombre de jurisdicción como elemento de entrada Fundación Santander Central Hispano.
9 (RLIN) 4415
852 ## - LOCALIZACIÓN
Ubicación ES-MaACL
Número de control de estantería L-26976
942 ## - ELEMENTOS DE ENTRADA SECUNDARIOS (KOHA)
Fuente del sistema de clasificación o colocación Clasificación decimal universal
Holdings
Estatus retirado Estado de pérdida Estado de daño No para préstamo Biblioteca de origen Biblioteca actual Ubicación en estantería Fecha de adquisición Fuente de adquisición Total de préstamos Signatura topográfica completa Código de barras Visto por última vez Precio de reemplazo Tipo de ítem Koha
        Biblioteca del Ateneo de Madrid Biblioteca del Ateneo de Madrid Depósito 2 17/01/2008     L-26976 1069659 23/02/2023 23/02/2023 Libro impreso